| 000 | 00864nam a2200253 i 4500 | ||
|---|---|---|---|
| 001 | 114431 | ||
| 003 | ES-MaACL | ||
| 005 | 20240425063220.0 | ||
| 007 | t| | ||
| 008 | 070228s1911 mx ||||1| spa d | ||
| 040 | _cES-MaACL | ||
| 245 | 0 | 0 | _aFr. Gregorio de la Concepción y su proceso de infidencia. |
| 260 |
_aMéxico : _b[s. n.], _c1911 ( _fTip. Guerrero Hnos.) |
||
| 300 |
_aXXXVI, 158 p. ; _c23 cm. |
||
| 490 | 1 |
_aArchivo General de la Nación ; _v2 |
|
| 600 | 0 | 4 |
_aGregorio de la Concepción. _959903 |
| 651 | 4 |
_aSan Luis de Potosí (México)- _vHistoria. _99358 |
|
| 710 | 1 |
_aMéxico. _bSecretaría de Relaciones Exteriores. _95710 |
|
| 810 | 2 |
_9234925 _aArchivo General de la Nación (México) ; _v2 |
|
| 852 | 4 |
_aES-MaACL _jG-15216 |
|
| 942 | _cMONOGRAFIA | ||
| 999 |
_c114431 _d114431 |
||